000 01196nam2a22002411 4500
001 rc\212458
005 20250621062641.0
010 _a5-230-03704-0
035 _a(NLR Aleph) 005622805
090 _a6509448
_c6509447
100 _a20030307d1997 |||y0rusy50 ca
101 0 _arus
102 _aRU
105 _aa |||||||||
200 0 _aЧ. 3
210 _d1997
_aБ. м.
215 _a40 с.
_cил.
461 0 _1001rc\212457
_12001#$aЭЛЕМЕНТАРНАЯ физика$eУчеб. пособие$e[Для студентов-иностранцев подгот. фак.]$fГ.Л. Дахина, Л.М. Устинова, Г.С. Азад, В.В. Шалыгин$gМ-во общ. и проф. образования Рос. Федерации. Волгогр. гос. техн. ун-т$vЧ. 3
_96509441
_cВолгоград
_d1997
_fГ.Л. Дахина, Л.М. Устинова, Г.С. Азад, В.В. Шалыгин
_nВолгГТУ
_oУчеб. пособие : [Для студентов-иностранцев подгот. фак.]
_tЭЛЕМЕНТАРНАЯ физика
_vЧ. 3
801 0 _aRU
_bNLR
_gpsbo
801 1 _aRU
_bELAR
_2rusmarc
852 _aNLR
_j98-4/13093
942 _cBOOK
980 _aNB